|
|
|
|
| LEADER |
00000nas a2200000 4500 |
| 001 |
vtls012287889 |
| 003 |
SK-MaSNL |
| 005 |
20260228155634.0 |
| 008 |
251124d16861782ne mr p 000 b0fre |
| 015 |
|
|
|a SNBHFB
|
| 040 |
|
|
|a SNKHF
|b slo
|c SNKHF
|e rda
|
| 041 |
0 |
|
|a fre
|
| 043 |
|
|
|a e------
|
| 044 |
|
|
|a ne
|c NL
|
| 072 |
|
7 |
|a 93/94
|x Dejiny (všeobecne)
|2 konspekt
|
| 072 |
|
7 |
|a 32
|x Politika
|2 konspekt
|
| 080 |
|
|
|a (051)-048.55
|2 2011
|
| 080 |
|
|
|a (4)
|2 2011
|
| 080 |
|
|
|a 93/94
|2 2011
|
| 080 |
|
|
|a 32
|2 2011
|
| 245 |
0 |
0 |
|a Mercure Historique Et Politique
|b Contenant l'état présent de l'Europe
|
| 264 |
|
3 |
|a Parme
|b Batanar
|c [1686-1687]
|
| 264 |
|
3 |
|3 [1688-1715]
|a La Haye
|b Bulderen
|
| 264 |
|
3 |
|3 [1716-1725]
|a La Haye
|b Dole
|
| 264 |
|
3 |
|3 [1726]-1741
|a La Haye
|b Henri Scheurleer
|
| 300 |
|
|
|c 14 cm
|
| 310 |
|
|
|a 1x mesačne
|
| 336 |
|
|
|a text
|b txt
|2 rdacontent
|
| 337 |
|
|
|a bez média
|b n
|2 rdamedia
|
| 338 |
|
|
|a zväzok
|b nc
|2 rdacarrierr
|
| 362 |
0 |
|
|a [1.1686-192.1782?]
|z ZDB/2025
|
| 500 |
|
|
|a Ilustrácia na titulnom liste
|
| 500 |
|
|
|a Č.2,5,6/1737 - poškodená väzba
|
| 561 |
|
|
|a Proveniencia: pečiatka Dr. E. Kadarász - ver. not. poz. Margity Zayovej Čís. 4933-4935.
|5 SNK ČE 289/1737
|
| 561 |
|
|
|a Proveniencia: pečiatka Dr. E. Kadarász - ver. not. poz. Margity Zayovej Čís. 4937.
|5 SNK ČE 289/1741
|
| 588 |
|
|
|a Popis podľa: Mois de Fevrier (1737)
|
| 650 |
0 |
7 |
|a história
|2 SNKPH
|9 232569
|
| 650 |
0 |
7 |
|a dejiny
|2 SNKPH
|9 3825
|
| 651 |
|
7 |
|a Európa
|2 SNKPHgeo
|9 167569
|
| 655 |
|
7 |
|a špecializované časopisy
|2 SNKPH
|9 70509
|
| 700 |
1 |
|
|a Batanar, Pierre
|4 prt
|9 265062
|
| 700 |
1 |
|
|a Bulderen, Henricus van Zutphen,
|d 1688-1715
|4 prt
|9 265063
|
| 700 |
1 |
|
|a Dole,
|d 1716-1725
|4 prt
|9 265064
|
| 700 |
1 |
|
|a Scheurleer, Henri,
|d 1726-1741
|4 prt
|9 265065
|
| 752 |
|
|
|a Holandsko
|d Haag
|
| 852 |
|
|
|a snk
|b Zaiova knižnica: Zay 4646-4649
|p ČE 289/1737
|
| 852 |
|
|
|a snk
|b Zaiova knižnica: Zay 4650
|p ČE 289/1741
|
| 958 |
|
|
|a DD
|
| 999 |
|
|
|c 35
|d 35
|
| 952 |
|
|
|0 0
|1 0
|4 0
|7 0
|8 5
|a SNK
|b SNK
|c SNK_HF
|d 2025-11-24
|i snk2025/19009
|l 0
|o snkČE 289/1737/2
|p 17A1569380
|r 2026-02-21 22:35:24
|t Zay 4646
|w 2026-02-21
|y PREZ
|
| 952 |
|
|
|0 0
|1 0
|4 0
|7 0
|8 5
|a SNK
|b SNK
|c SNK_HF
|d 2025-11-24
|i snk2025/19010
|l 0
|o snkČE 289/1737/5
|p 17A1569381
|r 2026-02-21 22:35:24
|t Zay 4647
|w 2026-02-21
|y PREZ
|
| 952 |
|
|
|0 0
|1 0
|4 0
|7 0
|8 5
|a SNK
|b SNK
|c SNK_HF
|d 2025-11-24
|i snk2025/19011
|l 0
|o snkČE 289/1737/6
|p 17A1569382
|r 2026-02-21 22:35:24
|t Zay 4648
|w 2026-02-21
|y PREZ
|
| 952 |
|
|
|0 0
|1 0
|4 0
|7 0
|8 5
|a SNK
|b SNK
|c SNK_HF
|d 2025-11-24
|i snk2025/19013
|l 0
|o snkČE 289/1737/9
|p 17A1569383
|r 2026-02-21 22:35:24
|t Zay 4349
|w 2026-02-21
|y PREZ
|
| 952 |
|
|
|0 0
|1 0
|4 0
|7 0
|8 5
|a SNK
|b SNK
|c SNK_HF
|d 2025-11-24
|i snk2025/19016
|l 0
|o snkČE 289/1741/5
|p 17A1569384
|r 2026-02-21 22:35:24
|t Zay 4650
|w 2026-02-21
|y PREZ
|